000 004750000a22001690004500
003 LK-CoMWRAF
005 20240118142012.0
008 230817t ||||| |||| 00| 0 eng d
040 _aLK-CoMWRAF
_dLK-CoMWRAF
_eLK-CoMWRAF
041 _aeng
082 _a954.93
_bURU
245 _aඋරුමය සොයා
246 _aUrumaya soya
260 _aකොළඹ :
_bසමාජවාදී කාන්ත සංගමය
_c1998
300 _aපි..25
942 _cBK
999 _c2964
_d2964